Foundations: retaining and earth structures; (Record no. 541283)
[ view plain ]
| 000 -LEADER | |
|---|---|
| fixed length control field | 00938cam a2200265 4500 |
| 001 - CONTROL NUMBER | |
| control field | 1243033 |
| 005 - DATE AND TIME OF LATEST TRANSACTION | |
| control field | 20210219163848.0 |
| 008 - FIXED-LENGTH DATA ELEMENTS--GENERAL INFORMATION | |
| fixed length control field | 721116s1973 nyua b 001 0 eng |
| 010 ## - LIBRARY OF CONGRESS CONTROL NUMBER | |
| LC control number | 72011824 |
| 020 ## - INTERNATIONAL STANDARD BOOK NUMBER | |
| International Standard Book Number | 0070653771 |
| 040 ## - CATALOGING SOURCE | |
| Original cataloging agency | DLC |
| Transcribing agency | DLC |
| Modifying agency | DLC |
| 050 00 - LIBRARY OF CONGRESS CALL NUMBER | |
| Classification number | TA775 |
| Item number | .T78 1973 |
| 082 00 - DEWEY DECIMAL CLASSIFICATION NUMBER | |
| Classification number | 624.15 |
| Author Mark | TSC |
| 100 1# - MAIN ENTRY--PERSONAL NAME | |
| Personal name | Tschebotarioff, Gregory Porphyriewitch, |
| Dates associated with a name | 1899- |
| 9 (RLIN) | 35726 |
| 245 10 - TITLE STATEMENT | |
| Title | Foundations: retaining and earth structures; |
| Remainder of title | the art of design and construction and its scientific basis in soil mechanics |
| Statement of responsibility, etc. | [by] Gregory P. Tschebotarioff. |
| 250 ## - EDITION STATEMENT | |
| Edition statement | 2d ed. |
| 260 ## - PUBLICATION, DISTRIBUTION, ETC. | |
| Place of publication, distribution, etc. | New York, |
| Name of publisher, distributor, etc. | McGraw-Hill |
| Date of publication, distribution, etc. | [1973] |
| 300 ## - PHYSICAL DESCRIPTION | |
| Extent | xxix, 642 p. |
| Other physical details | illus. |
| Dimensions | 23 cm. |
| 500 ## - GENERAL NOTE | |
| General note | First ed. published in 1951 under title: Soil mechanics, foundations, and earth structures. |
| 504 ## - BIBLIOGRAPHY, ETC. NOTE | |
| Bibliography, etc. note | Bibliography: p. 608-626. |
| 650 #0 - SUBJECT ADDED ENTRY--TOPICAL TERM | |
| Topical term or geographic name entry element | Foundations. |
| 9 (RLIN) | 892 |
| 650 #0 - SUBJECT ADDED ENTRY--TOPICAL TERM | |
| Topical term or geographic name entry element | Soil mechanics. |
| 650 #0 - SUBJECT ADDED ENTRY--TOPICAL TERM | |
| Topical term or geographic name entry element | Earthwork. |
| 9 (RLIN) | 19708 |
| 942 ## - ADDED ENTRY ELEMENTS (KOHA) | |
| Source of classification or shelving scheme | |
| Koha item type | Book |
| Withdrawn status | Lost status | Source of classification or shelving scheme | Damaged status | Not for loan | Permanent Location | Current Location | Date acquired | Total Checkouts | Full call number | Barcode | Date last seen | Price effective from | Koha item type | Total Renewals | Date last checked out |
|---|---|---|---|---|---|---|---|---|---|---|---|---|---|---|---|
| School of Civil and Environmental Engineering (SCEE) | School of Civil and Environmental Engineering (SCEE) | 02/19/2021 | 624.15 TSC | NIT-13339 | 02/19/2021 | 02/19/2021 | Book | ||||||||
| School of Civil and Environmental Engineering (SCEE) | School of Civil and Environmental Engineering (SCEE) | 02/19/2021 | 624.15 TSC | NIT-13340 | 02/19/2021 | 02/19/2021 | Book | ||||||||
| School of Civil and Environmental Engineering (SCEE) | School of Civil and Environmental Engineering (SCEE) | 02/19/2021 | 624.15 TSC | NIT-13341 | 02/19/2021 | 02/19/2021 | Book | ||||||||
| School of Civil and Environmental Engineering (SCEE) | School of Civil and Environmental Engineering (SCEE) | 02/19/2021 | 2 | 624.15 TSC | NIT-13342 | 05/25/2023 | 02/19/2021 | Book | 1 | 04/28/2021 | |||||
| School of Civil and Environmental Engineering (SCEE) | School of Civil and Environmental Engineering (SCEE) | 02/19/2021 | 1 | 624.15 TSC | NIT-13343 | 07/27/2021 | 02/19/2021 | Book | 02/19/2021 |
